[Event "Autumn Tournament 2015 "]
[Site "SchemingMind.com"]
[Date "2015.10.13"]
[Round "-"]
[White "Simon Green"]
[Black "nic_car"]
[Result "0-1"]
[WhiteCountry "ENG"]
[BlackCountry "ITA"]
[WhiteElo "1583"]
[WhiteRD "53"]
[BlackElo "1930"]
[BlackRD "152"]
[GameID "388541"]

1. d4 Nf6 2. e3 e6 3. Bd3 b6 4. f4 Bb7 5. Nf3 d5 6. Nbd2 Nbd7 7. O-O Ne4 8. Ne5 Nxe5 9. fxe5 Qd7 10. Bxe4 dxe4
11. Qg4 O-O-O 12. Nxe4 h5 13. Qf4 Qd5 14. Qxf7 Qxe4 15. Qxe6+ Kb8 16. Rf2 Bc5 17. c3 Rhf8 18. Qh3 Rxf2 19. Kxf2 Qc2+ 20. Kg3 Rf8
21. Qxh5 Qxg2+ 22. Kh4 Be7+
0-1

[Event "Autumn Tournament 2015 "]
[Site "SchemingMind.com"]
[Date "2015.10.13"]
[Round "-"]
[White "emvarela"]
[Black "Simon Green"]
[Result "0-1"]
[WhiteCountry "ARG"]
[BlackCountry "ENG"]
[WhiteElo "1684"]
[WhiteRD "47"]
[BlackElo "1616"]
[BlackRD "56"]
[GameID "388542"]

1. e4 e6 2. d4 d5 3. Nc3 Nf6 4. Bg5 Be7 5. e5 Nfd7 6. Bxe7 Qxe7 7. f4 c5 8. Bb5 Nc6 9. Bxc6 bxc6 10. Nf3 O-O
11. dxc5 Nxc5 12. Qd4 Ba6 13. O-O-O Rfb8 14. Nd2 Rb6 15. Nb3 Nxb3+ 16. axb3 Rab8 17. Na2 c5 18. Qd2 c4 19. b4 Bb5 20. Nc3 Qxb4
21. Nxb5 Qxd2+ 22. Rxd2 Rxb5 23. c3 Rb3 24. Re1 a5 25. Ree2 a4 26. Rc2 Ra8 27. Kd2 a3 28. bxa3 Raxa3 29. Re1 Kf8 30. Rec1 f5
31. Ke3 h6 32. Kd4 Ra5 33. h3 g5 34. g3 Kf7 35. h4 g4 36. Rd1 Ke7 37. Rdd2 h5 38. Ra2 Rab5 39. Ra7+ Rb7 40. Rda2 Kd7
41. Ra8 Rb8 42. R2a7+ R3b7 43. Rxb7+ Rxb7 44. Rh8 Kc6 45. Rxh5 Rb2 46. Rh6 Rd2+ 47. Ke3 Rd3+ 48. Kf2 Rxc3 49. Rxe6+ Kc5 50. h5 Kd4
51. h6 Rc2+ 52. Kg1 Ke3 53. h7 Kf3 54. Ra6 Kxg3 55. Kf1 Kf3 56. Kg1 Kg3 57. Kf1 Kf3 58. Kg1 g3 59. Ra3+ c3
0-1

[Event "Autumn Tournament 2015 "]
[Site "SchemingMind.com"]
[Date "2015.10.13"]
[Round "-"]
[White "Simon Green"]
[Black "emvarela"]
[Result "0-1"]
[WhiteCountry "ENG"]
[BlackCountry "ARG"]
[WhiteElo "1639"]
[WhiteRD "60"]
[BlackElo "1709"]
[BlackRD "48"]
[GameID "388543"]

1. d4 Nf6 2. e3 d5 3. Bd3 e6 4. f4 c5 5. c3 c4 6. Bc2 Nc6 7. Nf3 b5 8. O-O b4 9. Nbd2 Qa5 10. Ne5 Nxe5
11. fxe5 bxc3 12. exf6 gxf6 13. Rxf6 cxd2 14. Bxd2 Qc7 15. Ba4+ Bd7 16. Bxd7+ Qxd7 17. Qh5 Bg7 18. Rf3 Rb8 19. Bc3 Rb7 20. Raf1 O-O
21. Rh3 h6 22. Qg4 f5 23. Qg3 Rf6 24. Rf4 Qf7 25. Rf3 Rg6 26. Qf2 Bf6 27. Rf4 Qg7 28. Rhf3 Rf7 29. g3 Bg5 30. Rxf5 Rxf5
31. Rxf5 exf5 32. Qxf5 Bxe3+ 33. Kg2 Rf6 34. Qxd5+ Qf7 35. Qa8+ Qf8 36. Qxa7 Rf2+
0-1

[Event "Autumn Tournament 2015 "]
[Site "SchemingMind.com"]
[Date "2015.10.08"]
[Round "-"]
[White "Phillip Beckett"]
[Black "Simon Green"]
[Result "1/2-1/2"]
[WhiteCountry "ENG"]
[BlackCountry "ENG"]
[WhiteElo "1590"]
[WhiteRD "50"]
[BlackElo "1582"]
[BlackRD "58"]
[GameID "388544"]

1. e4 e6 2. d4 d5 3. Nd2 Nf6 4. e5 Nfd7 5. f4 c5 6. c3 c4 7. Ndf3 Be7 8. Ne2 f5 9. g3 O-O 10. Bg2 Nc6
11. O-O b5 12. h4 a5 13. a3 a4 14. Ng5 Bxg5 15. hxg5 Qe8 16. Kf2 g6 17. Rh1 Rf7 18. Qg1 Na5 19. Be3 Nb3 20. Re1 Qf8
21. Nc1 Nb6 22. Nxb3 axb3 23. Bf3 Na4 24. Bc1 Bd7 25. Rh6 Ra7 26. Qh2 Bc6 27. Rh1 Qe7 28. Qg1 Qd8 29. Ke3 Rae7 30. Qh2 Qa5
31. Qd2 Qa7 32. g4 Qd7 33. gxf5 exf5 34. Qh2 Qe6 35. Bd1 Bb7 36. Bh5 Rg7 37. Bxg6 Rxg6 38. Rxh7 Rxh7 39. Qxh7+ Kf8 40. Qxb7 Nb6
41. Rh8+ Rg8 42. Rxg8+ Kxg8 43. Qb8+ Kg7 44. Qc7+ Kg6 45. Qd8 Nd7 46. Qh8 Kf7 47. Qh7+ Kf8 48. g6 Nf6 49. Qh8+ Ng8 50. g7+ Ke7
51. Qh4+ Kf7 52. Qg5 Qg6 53. Qxg6+ Kxg6 54. Kf3 Kxg7 55. Kg3 Kg6 56. Kh4 Nh6 57. Be3 Ng4 58. Bg1 Nh6 59. Bf2 Ng4 60. Bg1=
1/2-1/2

[Event "Autumn Tournament 2015 "]
[Site "SchemingMind.com"]
[Date "2015.10.08"]
[Round "-"]
[White "Simon Green"]
[Black "Phillip Beckett"]
[Result "0-1"]
[WhiteCountry "ENG"]
[BlackCountry "ENG"]
[WhiteElo "1582"]
[WhiteRD "58"]
[BlackElo "1590"]
[BlackRD "50"]
[GameID "388545"]

1. d4 d5 2. e3 e6 3. Bd3 c5 4. c3 Nc6 5. f4 Bd6 6. Nf3 Nf6 7. O-O O-O 8. Nbd2 cxd4 9. cxd4 Bd7 10. a3 Rc8
11. Qe1 Na5 12. Ne5 Ba4 13. Ndf3 Nb3 14. Rb1 Ne4 15. Bxe4 dxe4 16. Nd2 Nxd2 17. Bxd2 Bxe5 18. fxe5 Bc2 19. Rc1 Bd3 20. Rxc8 Qxc8
21. Bc3 Bxf1 22. Qxf1 f6 23. Qf4 fxe5 24. Qxe5 Qc4 25. h3 Qf1+ 26. Kh2 Qf5 27. Qxf5 Rxf5 28. Kg3 Kf7 29. Kg4 h5+ 30. Kh4 g6
31. g4 hxg4 32. hxg4 Rf1 33. Kg5 Rf3 34. Bd2 Rf2 35. Bc3 Re2 36. Kf4 Rg2 37. Kxe4 Rxg4+ 38. Kf3 Rg1 39. e4 Rh1 40. e5 Rh5
41. Kg4 Rh1 42. Kg5 Rg1+ 43. Kh6 g5 44. Kh5 g4 45. Kh4 g3 46. Kh3 Kg6 47. Bd2 Kf5 48. Be3 Rb1 49. Kxg3 Rxb2 50. d5 Kxe5
51. dxe6 Kxe6 52. Bxa7 Ra2 53. Bc5 Kd5 54. Bb4 Kc4 55. Kf4 Kb3 56. Ke4 Rxa3 57. Bxa3 Kxa3 58. Kd4 b5 59. Kc3 b4+ 60. Kc2 Ka2
0-1

[Event "Autumn Tournament 2015 "]
[Site "SchemingMind.com"]
[Date "2015.10.08"]
[Round "-"]
[White "Scooter"]
[Black "Simon Green"]
[Result "1-0"]
[WhiteCountry "USA"]
[BlackCountry "ENG"]
[WhiteElo "1723"]
[WhiteRD "47"]
[BlackElo "1583"]
[BlackRD "53"]
[GameID "388546"]

1. d4 e6 2. Nf3 d5 3. Bf4 Nf6 4. e3 c5 5. c3 Nc6 6. Bb5 Bd7 7. O-O Qb6 8. Qb3 c4 9. Qa4 Be7 10. Bxc6 Bxc6
11. Qc2 Ne4 12. Nbd2 f5 13. Nxe4 fxe4 14. Ne5 O-O 15. b3 cxb3 16. axb3 a6 17. c4 Bf6 18. cxd5 exd5 19. Nxc6 bxc6 20. Rfc1 Rac8
21. Qc5 Qxb3 22. Rxa6 Qb5 23. Rxc6 Qxc6 24. Qxc6 Rxc6 25. Rxc6 Ra8 26. g3 h6 27. Rc5 Rd8 28. Rb5 Kf7 29. g4 g5 30. Bc7 Rd7
31. Bg3 Bg7 32. Rc5 Bf8 33. Rc7 Rxc7 34. Bxc7 Ke6 35. Kg2 Kd7 36. Be5 Kc6 37. Kg3 Bd6 38. Bxd6 Kxd6 39. f4 Ke6 40. fxg5 hxg5
41. h4 Kf6 42. hxg5+ Kxg5 43. Kh3 Kh6 44. Kh4 Kg6 45. g5 Kh7 46. Kh5 Kg7 47. g6
1-0

[Event "Autumn Tournament 2015 "]
[Site "SchemingMind.com"]
[Date "2015.10.08"]
[Round "-"]
[White "Simon Green"]
[Black "Scooter"]
[Result "0-1"]
[WhiteCountry "ENG"]
[BlackCountry "USA"]
[WhiteElo "1583"]
[WhiteRD "53"]
[BlackElo "1723"]
[BlackRD "47"]
[GameID "388547"]

1. d4 Nf6 2. e3 g6 3. Bd3 Bg7 4. f4 O-O 5. Nf3 b6 6. O-O Bb7 7. Nbd2 d6 8. Qe1 Nbd7 9. c3 Re8 10. b4 c5
11. bxc5 dxc5 12. Ne5 cxd4 13. exd4 Nxe5 14. fxe5 Nd5 15. Nf3 Rc8 16. c4 Nc7 17. d5 a6 18. Bg5 h6 19. Bf4 b5 20. Qe3 g5
21. Bxg5 bxc4 22. Bxc4 Bxd5 23. Bxh6 Bxc4 24. Bxg7 Qd3 25. Qh6 Qh7 26. Rfc1 Ne6 27. Ng5 Nxg5 28. Qxg5 Qxg7 29. Qxg7+ Kxg7 30. Rc3 Bb5
31. Rg3+ Kf8 32. a4 Bd7 33. Rf1 e6 34. Rf6 Ke7 35. Rg7 Rf8 36. h4 Bxa4 37. Kf2 Rc2+ 38. Kg3 Bc6 39. Kh3 a5 40. h5 Be8
41. h6 Re2 42. Rg5 Rxe5 43. Rxe5 Kxf6 44. Rxa5 Kg6 45. g4 Kxh6 46. Kh4 Bc6 47. Rh5+ Kg6 48. g5 Bf3 49. Rh6+ Kf5 50. Rf6+ Ke4
51. g6 Rh8+ 52. Kg3 fxg6 53. Rxf3 Rh3+
0-1

[Event "Autumn Tournament 2015 "]
[Site "SchemingMind.com"]
[Date "2015.10.08"]
[Round "-"]
[White "buddhastalin"]
[Black "Simon Green"]
[Result "1/2-1/2"]
[WhiteCountry "USA"]
[BlackCountry "ENG"]
[WhiteElo "1703"]
[WhiteRD "69"]
[BlackElo "1639"]
[BlackRD "60"]
[GameID "388548"]

1. e4 e6 2. d4 d5 3. Nd2 Nf6 4. e5 Nfd7 5. Bd3 c5 6. c3 c4 7. Bc2 a6 8. Ne2 Nc6 9. O-O Be7 10. Nf3 f5
11. exf6 Nxf6 12. Re1 Bd7 13. Nf4 Qc8 14. Qe2 O-O 15. Nxe6 Bxe6 16. Qxe6+ Qxe6 17. Rxe6 Rae8 18. Bd2 Nd8 19. Re2 Bd6 20. Rae1 Nf7
21. Rxe8 Rxe8 22. Rxe8+ Nxe8 23. Ng5 Nxg5 24. Bxg5 h6 25. Be3 b5 26. g3 Nf6 27. Kg2 Kf7 28. f3 Nd7 29. Kf2 Kf6 30. f4 Nf8
31. Kf3 Ne6 32. h3 Nf8 33. g4 g6 34. f5 g5 35. Bf2 Nd7= 36. Bg3 Bxg3 37. Kxg3 a5 38. h4 Nb6 39. b3 cxb3 40. axb3 b4
41. cxb4 axb4 42. Bd3 Na8 43. Bb5 Nc7 44. Bc6 Ke7 45. hxg5 hxg5 46. Kf3 Kd6 47. Ba4=
1/2-1/2

[Event "Autumn Tournament 2015 "]
[Site "SchemingMind.com"]
[Date "2015.10.09"]
[Round "-"]
[White "Simon Green"]
[Black "buddhastalin"]
[Result "1/2-1/2"]
[WhiteCountry "ENG"]
[BlackCountry "USA"]
[WhiteElo "1639"]
[WhiteRD "60"]
[BlackElo "1703"]
[BlackRD "69"]
[GameID "388549"]

1. d4 e6 2. e3 f5 3. Bd3 Nf6 4. f4 b6 5. Nf3 Bb7 6. Nbd2 d5 7. O-O Bd6 8. Ne5 Nbd7 9. Qe1 O-O 10. Ndf3 Ne4
11. a3 Ndf6 12. Bxe4 Nxe4 13. Nd2 Bxe5 14. fxe5 Qg5 15. Nf3 Qg6 16. Nd2 c5 17. Nxe4 fxe4 18. Bd2 cxd4 19. exd4 Rxf1+ 20. Qxf1 Rf8
21. Qe2 Qe8 22. Bb4 Rf7 23. Rf1 Rxf1+ 24. Qxf1 Qf7 25. Qxf7+ Kxf7 26. g4 Kg6 27. h4 Ba6 28. Kf2 Bb5 29. Ke3 Bf1 30. Be1 Bh3
31. g5 Bf5 32. c3 h6 33. gxh6 gxh6 34. b3 h5=
1/2-1/2

[Event "Autumn Tournament 2015 "]
[Site "SchemingMind.com"]
[Date "2015.10.08"]
[Round "-"]
[White "kenneth m day"]
[Black "Simon Green"]
[Result "0-1"]
[WhiteCountry "USA"]
[BlackCountry "ENG"]
[WhiteElo "1698"]
[WhiteRD "51"]
[BlackElo "1639"]
[BlackRD "60"]
[GameID "388550"]

1. e4 e6 2. d4 d5 3. e5 c5 4. c3 c4 5. Nf3 f5 6. exf6 Nxf6 7. Bg5 Be7 8. Nbd2 Nc6 9. Be2 O-O 10. h4 Nd7
11. Qc2 e5 12. dxe5 Ndxe5 13. Bxe7 Qxe7 14. O-O-O Bf5 15. Qa4 Nd3+ 16. Bxd3 Bxd3 17. Qb5 a6 18. Qxd5+ Qf7 19. Qc5 Rae8 20. Qg5 Be2
21. Rde1 h6 22. Qg3 Qd5 23. Qg6 Rf6 24. Qc2 Rfe6 25. Qa4 Bxf3 26. Rxe6 Rxe6 27. Nxf3 Ne5 28. Rd1 Nd3+ 29. Kc2 Re2+ 30. Rd2 Ne1+
31. Kd1 Rxd2+ 32. Nxd2 Nxg2 33. Qe8+ Kh7 34. h5 Nf4 35. Qe4+ Qxe4 36. Nxe4 Nxh5 37. Nc5 Nf4 38. Nxb7 Nd3 39. Kd2 Nxf2 40. Nd6 g5
41. Nxc4 h5 42. Ke2 Ne4 43. Kf3 Nc5 44. b3 g4+ 45. Kf4 Kh6 46. Ne3 Nd3+ 47. Kf5 g3 48. Ke4 Nf2+ 49. Kf3 h4 50. Kg2 Kg5
51. c4 Kf4 52. Nf1 h3+ 53. Kg1 Kf3 54. c5 Ne4 55. b4 g2 56. Nh2+ Kg3 57. a4 Nd2 58. b5 Nb3 59. c6 Nd4 60. Nf1+ Kh4
61. c7 Nf3+ 62. Kf2 g1=Q+ 63. Kxf3 Qxf1+ 64. Ke3 Qc1+
0-1

[Event "Autumn Tournament 2015 "]
[Site "SchemingMind.com"]
[Date "2015.10.08"]
[Round "-"]
[White "Simon Green"]
[Black "kenneth m day"]
[Result "0-1"]
[WhiteCountry "ENG"]
[BlackCountry "USA"]
[WhiteElo "1583"]
[WhiteRD "53"]
[BlackElo "1685"]
[BlackRD "50"]
[GameID "388551"]

1. d4 d5 2. e3 Bf5 3. Bd3 Bxd3 4. Qxd3 Nf6 5. f4 e6 6. Nf3 c5 7. c3 Nc6 8. Nbd2 Be7 9. O-O O-O 10. Ne5 cxd4
11. exd4 Nd7 12. Ndf3 f6 13. Ng4 Qe8 14. Nh4 f5 15. Nh6+ gxh6 16. Qg3+ Kh8 17. Nf3 Rg8 18. Qf2 Qg6 19. Nh4 Bxh4 20. Qf3 Qg4
0-1

[Event "Autumn Tournament 2015 "]
[Site "SchemingMind.com"]
[Date "2015.10.08"]
[Round "-"]
[White "fanfan_la_Tulipe"]
[Black "Simon Green"]
[Result "1-0"]
[WhiteCountry "AUT"]
[BlackCountry "ENG"]
[WhiteElo "2107"]
[WhiteRD "72"]
[BlackElo "1583"]
[BlackRD "53"]
[GameID "388552"]

1. Nf3 e6 2. b3 d5 3. Bb2 c5 4. g3 Nf6 5. Bg2 Be7 6. O-O Nc6 7. d4 cxd4 8. Nxd4 Nxd4 9. Bxd4 O-O 10. Nd2 Bd7
11. c4 Rc8 12. Re1 Bb4 13. cxd5 exd5 14. a3 Bxd2 15. Qxd2 Bc6 16. Qb2 Qd6 17. Bxf6 Qxf6 18. Qxf6 gxf6 19. Red1 Rfd8 20. Rd4 Rd7
21. Bh3 Rcd8 22. Bxd7 Rxd7 23. Rad1 a6 24. e4
1-0

[Event "Autumn Tournament 2015 "]
[Site "SchemingMind.com"]
[Date "2015.10.08"]
[Round "-"]
[White "Simon Green"]
[Black "fanfan_la_Tulipe"]
[Result "0-1"]
[WhiteCountry "ENG"]
[BlackCountry "AUT"]
[WhiteElo "1582"]
[WhiteRD "58"]
[BlackElo "2130"]
[BlackRD "72"]
[GameID "388553"]

1. d4 Nf6 2. e3 g6 3. Bd3 Bg7 4. f4 O-O 5. Nf3 c5 6. c3 b6 7. O-O Bb7 8. Nbd2 Qc7 9. Qe1 d5 10. Ne5 e6
11. Ndf3 Nfd7 12. Bd2 f6 13. Ng4 Nc6 14. Qh4 e5 15. fxe5 fxe5 16. dxe5 Ndxe5 17. Ng5 h5 18. Rxf8+ Rxf8 19. Ne6 Qd6 20. Nxf8 hxg4
21. Nxg6 Nxd3 22. Qxg4 Nce5 23. Nxe5 Nxe5 24. Qe2 Qg6 25. b3 d4 26. exd4 cxd4 27. cxd4 Nf3+ 28. Kh1 Nh4 29. Rg1 Bxd4 30. Qc4+ Kh7
31. Qc7+ Qg7 32. Qc2+ Kh8 33. Be1 Bxg1 34. Bxh4 Bc5 35. h3 Qd4
0-1

[Event "Autumn Tournament 2015 "]
[Site "SchemingMind.com"]
[Date "2015.10.08"]
[Round "-"]
[White "Simon Green"]
[Black "Stephen Woodhouse"]
[Result "0-1"]
[WhiteCountry "ENG"]
[BlackCountry "ENG"]
[WhiteElo "1583"]
[WhiteRD "53"]
[BlackElo "1927"]
[BlackRD "48"]
[GameID "388554"]

1. d4 e6 2. e3 d5 3. Bd3 c5 4. c3 Nc6 5. f4 Nf6 6. Nf3 Be7 7. Nbd2 O-O 8. O-O Bd7 9. Qe1 Rc8 10. Ne5 cxd4
11. cxd4 Nb4 12. Qe2 Nc2 13. Bxc2 Rxc2 14. Qd3 Qc7 15. Nxd7 Nxd7 16. Nf3 Qc4 17. Qxc4 Rxc4 18. Bd2 Rfc8 19. Bc3 Nb6 20. Rac1 Na4
21. Nd2 R4c6 22. g4 Nxc3 23. bxc3 Rxc3 24. Rfe1 Rxc1 25. Rxc1 Rxc1+
0-1

[Event "Autumn Tournament 2015 "]
[Site "SchemingMind.com"]
[Date "2015.10.08"]
[Round "-"]
[White "Stephen Woodhouse"]
[Black "Simon Green"]
[Result "1-0"]
[WhiteCountry "ENG"]
[BlackCountry "ENG"]
[WhiteElo "1927"]
[WhiteRD "48"]
[BlackElo "1583"]
[BlackRD "53"]
[GameID "388555"]

1. e4 e6 2. d4 d5 3. Nd2 Nf6 4. e5 Nfd7 5. Bd3 c5 6. c3 c4 7. Bc2 b5 8. Ne2 Be7 9. O-O f5 10. exf6 Nxf6
11. Nf3 Ne4 12. Ng3 Nxg3 13. fxg3 Nd7 14. Bf4 O-O 15. Ne5 Nf6 16. Nc6 Qd7 17. Nxe7+ Qxe7 18. Be5 Bb7 19. Qe2 Nd7 20. Rae1 Rxf1+
21. Rxf1 Rf8 22. Rxf8+ Qxf8 23. Qh5 Nxe5 24. Bxh7+ Kh8 25. Bg6+
1-0